Arquitectura y turismo : (Record no. 58102)
[ view plain ]
| 000 -CABECERA | |
|---|---|
| campo de control de longitud fija | 01989nab a2200265 a 4500 |
| 005 - FECHA Y HORA DE LA ÚLTIMA TRANSACCIÓN | |
| campo de control | 20250206130658.0 |
| 007 - CAMPO FIJO DE DESCRIPCIÓN FÍSICA--INFORMACIÓN GENERAL | |
| campo de control de longitud fija | ta |
| 008 - DATOS DE LONGITUD FIJA--INFORMACIÓN GENERAL | |
| campo de control de longitud fija | 250206e2025 dr mr|p|r||||||0| | spa d |
| 022 ## - NÚMERO INTERNACIONAL NORMALIZADO PARA PUBLICACIONES SERIADAS | |
| Número Internacional Normalizado para Publicaciones Seriadas | 2078-4929 |
| 040 ## - FUENTE DE LA CATALOGACIÓN | |
| Centro catalogador/agencia de origen | DO-SdBNP |
| Centro/agencia transcriptor | DO-SdBNP |
| Normas de descripción | rda |
| 041 ## - CÓDIGO DE LENGUA | |
| Código de lengua original | spa |
| 245 ## - MENCIÓN DE TÍTULO | |
| Título | Arquitectura y turismo : |
| Resto del título | pilares del desarrollo sostenible de la República Dominicana / |
| Mención de responsabilidad, etc. | Arquitexto. |
| 264 ## - PRODUCCIÓN, PUBLICACIÓN, DISTRIBUCIÓN, FABRICACIÓN Y COPYRIGHT | |
| Producción, publicación, distribución, fabricación y copyright | Santo Domingo, República Dominicana : |
| Nombre del de productor, editor, distribuidor, fabricante | Arquitexto, |
| Fecha de producción, publicación, distribución, fabricación o copyright | 2025. |
| 300 ## - DESCRIPCIÓN FÍSICA | |
| Extensión | página 1 : |
| Otras características físicas | ilustraciones, fotografías ; |
| Dimensiones | 27 cm. |
| 336 ## - TIPO DE CONTENIDO | |
| Término de tipo de contenido | texto |
| Código de tipo de contenido | txt |
| Fuente | rdacontent |
| 337 ## - TIPO DE MEDIO | |
| Nombre/término del tipo de medio | sin mediación |
| Código del tipo de medio | n |
| Fuente | rdamedia |
| 338 ## - TIPO DE SOPORTE | |
| Nombre/término del tipo de soporte | volumen |
| Código del tipo de soporte | nc |
| Fuente | rdacarrier |
| 362 ## - FECHAS DE PUBLICACIÓN Y/O DESIGNACIÓN SECUENCIAL | |
| Fecha de publicación y/o designación secuencial | Año 39, Número 125, (enero, 2025). |
| 521 ## - NOTA DE PÚBLICO DESTINATARIO | |
| Nota de público destinatario | Arquitexto celebra con orgullo su edición número 125, un logro trascendental que refleja casi cuatro décadas de compromiso con la arquitectura y el diseño. En esta ocasión especial, dedicamos nuestras páginas a uno de los sectores más dinámicos de la economía dominicana: el turismo. Desde los años setenta, en la República Dominicana la concepción del desarrollo turístico basado en «polos» ha evolucionado hacia un concepto más integral, el de «destino». Hoy, el territorio completo se perfila como un destino único, donde cada rincón ofrece una experiencia turística única. Esta edición aborda la arquitectura turística de la República Dominicana desde múltiples enfoques, en particular la planificación, el diseño y la sostenibilidad como pilares del desarrollo turístico y del liderazgo del país en el Caribe. |
| 650 #0 - PUNTO DE ACCESO ADICIONAL DE MATERIA--TÉRMINO DE MATERIA | |
| Término de materia o nombre geográfico como elemento de entrada | Turismo |
| Subdivisión geográfica | Caribe (Región) República Dominicana |
| Subdivisión de forma | Publicaciones periódicas |
| 9 (RLIN) | 63967 |
| 650 #0 - PUNTO DE ACCESO ADICIONAL DE MATERIA--TÉRMINO DE MATERIA | |
| Término de materia o nombre geográfico como elemento de entrada | Desarrollo social |
| Subdivisión geográfica | República Dominicana |
| Subdivisión de forma | Publicaciones periódicas |
| 9 (RLIN) | 7783 |
| 773 0# - ENLACE AL DOCUMENTO FUENTE/ENTRADA DE REGISTRO ANFITRIÓN | |
| Número bibliográfico anfitrión | 36884 |
| Número de ítem anfitrión | 320461 |
| Encabezamiento principal | Arquitexto |
| Otro identificador del documento | 2025-0797 |
| Título | Arquitexto. : |
| Número de control del registro | (DO-SdBNP)000037394 |
| Número Internacional Normalizado para Publicaciones Seriadas | 2078-4929 |
| 856 ## - LOCALIZACIÓN Y ACCESO ELECTRÓNICOS | |
| Identificador Uniforme del Recurso | <a href="https://arquitexto.com/2025/01/arquitectura-y-turismo-pilares-del-desarrollo-sostenible-de-la-republica-dominicana/">https://arquitexto.com/2025/01/arquitectura-y-turismo-pilares-del-desarrollo-sostenible-de-la-republica-dominicana/</a> |
| 942 ## - ELEMENTOS DE PUNTO DE ACCESO ADICIONAL (KOHA) | |
| Fuente del sistema de clasificación o colocación | Dewey Decimal Classification |
| Tipo de ítem Koha | Publicación periódica |
No items available.
